00807nam a2200217 a 450000100100000000500170001000800410002702000150006804000250008308200160010810000380012424500610016226000550022330000210027849000430029956300520034283000490039404900090044395201200045299900170057200002266320200930021727.0101014s1997 es 001 0 spa d a8423988104 aDO-SdBNPbspacBNPHU axxxxbD548p1 aDickens, Charlesd1812-18709144210aPapeles póstumos del club Pickwick /cCharles Dickens. aMadrid, :bEditorial Espasa Calpe,c1997.fHuertas a791 p. ;c22 cm.1 aAntología de la literatura universal aVarias obras empaginadas en páginas continuas 0aAntología de la literatura universa946616 aBNPD 001054708MOaGRbGRcHDd2010-10-14iLF1l0oxxxx D548pp22663-10r2020-06-25w2020-06-25y4ZPréstamo en sala c22160d22160